000 00414nam a22001577a 4500
005 20251108164118.0
008 250721s1996 xx 000 0 ara d
082 1 4 _a210/غزا
100 1 _aالغزالي، محمد
245 1 0 _aجدد حياتك /
264 1 _aالقاهرة :
_bنهضة مصر للطباعة،
_c1996.
300 _a200 ص
650 1 7 _aالإسلام
942 _2ddc
_cBK
999 _c3898
_d3898